| 000 | 00456nam a22001817a 4500 | ||
|---|---|---|---|
| 005 | 20170213153317.0 | ||
| 008 | 170207b xxu||||| |||| 00| 0 eng d | ||
| 020 | _a9781416592198 | ||
| 040 | _cPK-LaUMT | ||
| 082 |
_a956.053 _bSAD-H |
||
| 100 | _aSadat , Jehan | ||
| 245 |
_aMy Hope For Peace/ _cJehan Sadat |
||
| 260 |
_aNew york: _bFree press, _c2009 |
||
| 300 | _a208 p. | ||
| 546 | _aen | ||
| 650 | _aArab-Israeli conflict-1993-peace | ||
| 942 | _cBK | ||
| 999 |
_c90875 _d90875 |
||